[Event "20th Hampstead Congress: U2200"]
[Site "London, England"]
[Date "2014.07.19"]
[Round "1"]
[White "Haribalu, V."]
[Black "Bin-Suhayl, Yousuf"]
[Result "1-0"]
[WhiteElo "2176"]
[BlackElo "1732"]

1. e4 e6 2. d4 d5 3. Nd2 Nf6 4. e5 Nfd7 5. f4 c5 6. c3 Nc6 7. Ndf3 f6 8. Bd3
Be7 9. Ne2 fxe5 10. fxe5 cxd4 11. cxd4 O-O 12. O-O b6 13. a3 a5 14. Qc2 Ncxe5
15. Bxh7+ Kh8 16. dxe5 Bc5+ 17. Kh1 Nxe5 18. Bg5 Qd6 19. Nf4 Ba6 20. Nxe5 Bxf1
21. Nfg6+ Kxh7 22. Nxf8+ Kg8 23. Qh7+ Kxf8 24. Qh8# 1-0

[Event "20th Hampstead Congress: U2200"]
[Site "London, England"]
[Date "2014.07.19"]
[Round "1"]
[White "Harrington, James"]
[Black "Madynski, Pawel"]
[Result "0-1"]
[WhiteElo "1725"]
[BlackElo "2086"]

1. c4 d6 2. Nc3 g6 3. g3 Bg7 4. Bg2 f5 5. e4 Nc6 6. Nge2 Nf6 7. d4 O-O 8. f4
Nxe4 9. Nxe4 fxe4 10. d5 Na5 11. Qc2 e6 12. Qxe4 Re8 13. O-O Kh8 14. Bf3 exd5
15. Qxd5 c6 16. Qd3 Bf5 17. Qd1 Nxc4 18. Qb3 Qb6+ 19. Kh1 Qxb3 20. axb3 Nxb2
21. Ra2 Nd3 22. Ba3 Re3 23. Bxd6 Rxf3 24. Rxf3 Be4 25. Kg2 Ne1+ 26. Kf2 Nxf3
27. Ra4 Bd5 28. f5 Re8 29. fxg6 hxg6 30. Nf4 Bd4+ 31. Kg2 b5 32. Ra6 Be4 33.
Kh3 Kg7 34. g4 Bf2 35. Kg2 Bb6 36. Kg3 Nd2 37. Ra2 Nf1+ 38. Kh4 Rh8+ 39. Nh5+
Kf7 40. Re2 Ne3 41. Bf4 Bf3 42. Rd2 gxh5 43. Rd7+ Ke8 44. Rb7 hxg4+ 45. Kg5
Bd8+ 46. Kg6 Be4+ 47. Kg7 Rh7+ {#R} 0-1

[Event "20th Hampstead Congress: U2200"]
[Site "London, England"]
[Date "2014.07.19"]
[Round "1"]
[White "Bamber, Elaine"]
[Black "Wen, Jackson"]
[Result "1-0"]
[WhiteElo "2085"]
[BlackElo "1718"]

1. e4 b6 2. d4 Bb7 3. Bd3 e6 4. Nf3 Nf6 5. Qe2 Be7 6. O-O d5 7. e5 Nfd7 8. Re1
c5 9. c3 Nc6 10. Nbd2 Qc7 11. Nf1 c4 12. Bc2 O-O-O 13. Bg5 f6 14. Bh4 g5 15.
exf6 gxh4 16. fxe7 Rde8 17. Qxe6 Rxe7 18. Qg4 Rf7 19. Nxh4 Rf4 20. Qg3 Rhf8
21. Re2 Nf6 22. Rae1 Kb8 23. Bf5 a6 24. Qg5 Bc8 25. Qh6 Rf7 26. Bxc8 Kxc8 27.
f3 Kb7 28. g3 Ng8 29. Qe6 R4f6 30. Qxd5 Rg7 31. Qxc4 Rf4 32. Ng2 Rxf3 33. d5
Na5 34. Qe4 Qf7 35. b4 Nb3 36. d6+ Ka7 37. d7 Rxf1+ 38. Rxf1 Qxd7 39. Rf8 Qb7
40. Qxb7+ Kxb7 41. axb3 Ne7 42. Nf4 {#r} 1-0

[Event "20th Hampstead Congress: U2200"]
[Site "London, England"]
[Date "2014.07.19"]
[Round "1"]
[White "Pattni, Kishan"]
[Black "Bonafont, Philip"]
[Result "0-1"]
[WhiteElo "1713"]
[BlackElo "2056"]

1. e4 c5 2. Nc3 d6 3. f4 g6 4. Nf3 Bg7 5. Bc4 Nc6 6. d3 Nf6 7. O-O O-O 8. a3
Bg4 9. Be3 Nd4 10. Bxd4 cxd4 11. Qe1 {#R} 0-1

[Event "20th Hampstead Congress: U2200"]
[Site "London, England"]
[Date "2014.07.19"]
[Round "1"]
[White "Jyothilal, N."]
[Black "Ramaiya, Anshu"]
[Result "1-0"]
[WhiteElo "2056"]
[BlackElo "1775"]

1. d4 Nf6 2. c4 b6 3. Nf3 Bb7 4. g3 g6 5. Bg2 Bg7 6. O-O O-O 7. Nc3 Ne4 8. Bf4
Nxc3 9. bxc3 c5 10. Rc1 d6 11. Qd2 cxd4 12. cxd4 Re8 13. Rfd1 Nd7 14. Qb4 Rb8
15. Qa3 Qc7 16. Bh3 f5 17. d5 h6 18. Qe3 Kh7 19. g4 fxg4 20. Bxg4 Nf6 21. Be6
Bc8 22. Nd4 Nh5 23. Bg3 Nxg3 24. hxg3 Bxd4 25. Rxd4 Bxe6 26. Qxe6 Rf8 27. Re4
Rbe8 28. Rc3 Rf6 29. Qg4 Ref8 30. Rce3 R8f7 31. f3 Kg7 32. Kg2 Kf8 33. Qh4 g5
34. Qg4 Kg7 35. Re6 Kf8 36. Qe4 Rxe6 37. dxe6 Rf6 38. Qh7 Ke8 39. Qh8+ Rf8 40.
Qxh6 Qxc4 41. Qxg5 Qxa2 42. Qb5+ Kd8 43. Qd7# 1-0

[Event "20th Hampstead Congress: U2200"]
[Site "London, England"]
[Date "2014.07.19"]
[Round "1"]
[White "Sonnis, Steve"]
[Black "Atako, Chino"]
[Result "0-1"]
[WhiteElo "1700"]
[BlackElo "2042"]

1. e4 c5 2. f4 d5 3. Bb5+ Bd7 4. Bxd7+ Qxd7 5. Nc3 d4 6. Nce2 d3 7. cxd3 Qxd3
8. Nc3 Nc6 9. Nge2 O-O-O 10. O-O e6 11. Rf3 Qd7 12. a3 f5 13. Qa4 Kb8 14. Kh1
Nf6 15. e5 Ng4 16. h3 h5 17. Qc2 c4 18. b4 g5 19. Kg1 Nd4 20. Qb1 Nxf3+ 21.
gxf3 gxf4 22. hxg4 hxg4 23. fxg4 Qh7 {#R} 0-1

[Event "20th Hampstead Congress: U2200"]
[Site "London, England"]
[Date "2014.07.19"]
[Round "1"]
[White "Krzyzanowski, Patryk"]
[Black "Rubeck, Jonathan"]
[Result "1-0"]
[WhiteElo "2006"]
[BlackElo "1675"]

1. d4 Nf6 2. c4 c5 3. d5 b5 4. cxb5 a6 5. b6 Qxb6 6. Nc3 d6 7. e4 g6 8. Be2
Bg7 9. Nf3 O-O 10. Nd2 Nbd7 11. O-O a5 12. a4 Ba6 13. Bb5 Ne5 14. Kh1 Bxb5 15.
axb5 Nd3 16. Nc4 Nxf2+ 17. Rxf2 Qd8 18. Bg5 Nh5 19. Qd2 Bd4 20. Be3 Bf6 21. b6
Qd7 22. Rf3 a4 23. Qc2 Rfb8 24. Rxa4 Bxc3 25. Rxa8 Rxa8 26. Qxc3 Ra1+ 27. Bc1
Qg4 28. b7 f6 29. b8=Q+ Kg7 30. h3 Qxe4 31. Qb7 Qe2 32. Kh2 g5 33. Re3 Qf1 34.
Qxe7+ Kh6 35. Rf3 Qd1 36. Rxf6+ Nxf6 37. Qcxf6+ Kh5 38. Qxh7# 1-0

[Event "20th Hampstead Congress: U2200"]
[Site "London, England"]
[Date "2014.07.19"]
[Round "1"]
[White "Samadov, Samir"]
[Black "Tin, Sergey"]
[Result "0-1"]
[WhiteElo "1648"]
[BlackElo "1983"]

1. e4 e5 2. Nf3 Nc6 3. Bc4 Nf6 4. Ng5 d5 5. exd5 Na5 6. Bb5+ c6 7. dxc6 bxc6
8. Be2 h6 9. Nf3 e4 10. Ne5 Bd6 11. Nc4 Nxc4 12. Bxc4 O-O 13. O-O Qc7 14. h3
Rb8 15. Nc3 Re8 16. f3 Bc5+ 17. Kh1 Bxh3 18. gxh3 Qg3 19. Qe2 Qxh3+ 20. Qh2
Qxh2+ 21. Kxh2 exf3 22. Rxf3 Ng4+ 23. Kg2 Ne5 24. Rf4 g5 25. Re4 Kg7 26. Bb3
f5 27. Re2 f4 28. Re4 Rbd8 29. Na4 Bd6 30. d3 Rf8 31. Bd2 Ng4 32. Rf1 h5 33.
Rh1 f3+ 34. Kf1 Kg6 35. Re6+ Rf6 36. Re4 Nh2+ 37. Kf2 g4 38. Bc3 g3+ 39. Ke3
g2 40. Rg1 Nf1+ 41. Kf2 Bg3# 0-1

[Event "20th Hampstead Congress: U2200"]
[Site "London, England"]
[Date "2014.07.19"]
[Round "1"]
[White "Waterfield, John W"]
[Black "Gribben, Chris"]
[Result "1-0"]
[WhiteElo "1975"]
[BlackElo "1636"]

1. e4 e6 2. d4 d5 3. Nc3 dxe4 4. Nxe4 Nd7 5. Bd3 Ngf6 6. Qe2 Nxe4 7. Bxe4 Nf6
8. Bxb7 Bxb7 9. Qb5+ c6 10. Qxb7 Qc8 11. Qxc8+ Rxc8 12. Be3 a6 13. Ne2 c5 14.
dxc5 Bxc5 15. Bxc5 Rxc5 16. O-O-O Ke7 17. f3 Rhc8 18. c3 Nd5 19. Nd4 g6 20. g3
Rb8 21. Rhe1 Rbc8 22. Nb3 Rb5 23. Rd4 Nxc3 24. bxc3 Rxc3+ 25. Kb2 Rxf3 26. Re2
h5 27. Red2 Rb7 28. Rd6 a5 29. Ra6 Rf5 30. Ka3 Rb4 31. Nxa5 Re4 32. Nc6+ Kf6
33. Rb6 Rf3+ 34. Kb2 Ra4 35. Rb4 Ra6 36. Rc2 g5 37. a4 Kg6 38. Ne5+ {#r} 1-0

[Event "20th Hampstead Congress: U2200"]
[Site "London, England"]
[Date "2014.07.19"]
[Round "1"]
[White "Nayak, Raghav"]
[Black "Hayward, Alan"]
[Result "0-1"]
[WhiteElo "1630"]
[BlackElo "1960"]

1. e4 d5 2. exd5 Nf6 3. Bb5+ Nbd7 4. Nc3 a6 5. Be2 b5 6. a3 Rb8 7. Nf3 Bb7 8.
O-O Nxd5 9. Nxd5 Bxd5 10. d4 e6 11. Bf4 Bd6 12. Qd2 O-O 13. Rfe1 Nb6 14. b3
Qe7 15. Bxd6 cxd6 16. Rec1 Rfc8 17. Ne1 Rc7 18. Bf3 Bxf3 19. Nxf3 Rc6 20. Ne1
Rbc8 21. Nd3 Nd5 22. Nb4 Nxb4 23. axb4 Qb7 24. Ra2 {(=)} Rc3 25. Rb2 h6 26.
Qe2 Qd5 27. Qd2 e5 28. Rd1 e4 29. Ra1 Qc6 30. Rc1 Qb6 31. h3 d5 32. Kh1 Qd6
33. Ra2 Qxb4 34. Qd1 Qd6 35. Rca1 R8c6 36. Qd2 Qc7 37. Rxa6 Rxa6 38. Rxa6 Rxc2
39. Qxc2 Qxc2 40. Ra8+ Kh7 41. Ra7 Qc1+ 42. Kh2 Qf4+ 43. Kg1 e3 44. fxe3 Qxe3+
45. Kh1 Qxd4 46. Rxf7 Qd1+ 47. Kh2 Qxb3 48. Rf2 d4 49. Rd2 d3 50. h4 Qc2 {#R}
0-1

[Event "20th Hampstead Congress: U2200"]
[Site "London, England"]
[Date "2014.07.19"]
[Round "1"]
[White "Farzaliyev, Kanan"]
[Black "Ivanov, Elizabeth"]
[Result "1-0"]
[WhiteElo "1950"]
[BlackElo "1618"]

1. g3 d5 2. Bg2 e5 3. d3 Bf5 4. c4 c6 5. cxd5 cxd5 6. Qb3 Be6 7. Qxb7 Nd7 8.
Qb3 h6 9. Nf3 Ngf6 10. O-O Bc5 11. Qc2 Rc8 12. Nc3 Bb4 13. Qa4 Bxc3 14. bxc3
O-O 15. Bd2 Nb6 16. Qh4 e4 17. Nd4 exd3 18. exd3 Bg4 19. h3 Bh5 20. f4 Bg6 21.
f5 Bh7 22. g4 Qd6 23. Rac1 Na4 24. Kh1 Nc5 25. Bf4 Qa6 26. Rf3 Qxa2 27. Bxh6
gxh6 28. Qxf6 Qd2 29. Rc2 Qg5 30. Qe5 Rcd8 31. Qg3 Qf6 32. h4 Kh8 33. g5 hxg5
34. hxg5 Qb6 35. Qh4 f6 36. Rh3 Rd7 37. g6 Qb1+ 38. Kh2 Nb3 39. Re2 Nxd4 40.
Qxd4 Qb8+ 41. Kg1 Qb1+ 42. Bf1 Qc1 43. Rxh7+ Rxh7 44. gxh7 Rf7 45. Rg2 Qh6 46.
Qc5 a5 47. Qc8+ Rf8 48. Rg8+ Kxh7 49. Qxf8 Qe3+ 50. Kh1 Qf3+ 51. Kg1 Qe3+ 52.
Kg2 Qd2+ 53. Kh1 {#r} 1-0

[Event "20th Hampstead Congress: U2200"]
[Site "London, England"]
[Date "2014.07.19"]
[Round "1"]
[White "Wen, Jessica"]
[Black "Landau, Jonathan"]
[Result "0-1"]
[WhiteElo "1598"]
[BlackElo "1945"]

1. e4 c5 2. Nf3 d6 3. d4 cxd4 4. Nxd4 Nf6 5. Nc3 g6 6. Bc4 Bg7 7. O-O O-O 8.
Be3 Nc6 9. Nxc6 bxc6 10. f3 Qa5 11. Qd2 Qh5 12. Rab1 Rd8 13. Be2 d5 14. Bg5 h6
15. Bxf6 Bxf6 16. f4 Bg4 17. Bxg4 Qxg4 18. e5 Bg7 19. b4 e6 20. Qd4 Bf8 21.
Na4 Qe2 22. Rf2 Qa6 23. Nc3 Rab8 24. Rff1 Rxb4 25. Rxb4 c5 26. Ra4 Qxf1+ 27.
Kxf1 cxd4 28. Rxd4 Rc8 29. Rd3 Bb4 30. Nb5 Rxc2 31. Nxa7 Bc5 32. Nb5 Rf2+ 33.
Ke1 Rxg2 34. Rh3 Rxa2 35. Nc3 Bb4 36. Kf1 Bxc3 37. Rxc3 Rxh2 38. Ra3 h5 39.
Kg1 Rc2 40. f5 gxf5 41. Rh3 Re2 42. Rxh5 Rxe5 43. Kf2 Kg7 44. Kf3 Kg6 45. Rh8
Re1 46. Rd8 Kf6 47. Rd7 Rd1 48. Ke2 Rd4 49. Ke3 Re4+ 50. Kd3 f4 51. Kc3 f3
{#R} 0-1

[Event "20th Hampstead Congress: U2200"]
[Site "London, England"]
[Date "2014.07.19"]
[Round "1"]
[White "Jarek, Katherine"]
[Black "Sellen, John"]
[Result "1-0"]
[WhiteElo "1931"]
[BlackElo "1597"]

1. c4 f5 2. d4 Nf6 3. g3 e6 4. Bg2 d5 5. Nh3 c6 6. Nd2 Bd6 7. O-O O-O 8. b3 b6
9. Nf3 Nbd7 10. Bb2 Bb7 11. Nf4 Bxf4 12. gxf4 Ne4 13. cxd5 cxd5 14. Ne5 Nxe5
15. fxe5 Rc8 16. f3 Ng5 17. Qd2 Nf7 18. Rac1 Qd7 19. e3 Rxc1 20. Rxc1 Rc8 21.
Bf1 Rxc1 22. Bxc1 Qc8 23. Ba3 Ba6 24. Bg2 Nd8 25. e4 fxe4 26. fxe4 dxe4 27.
Bxe4 Bb7 28. Qb4 Nc6 29. Qd6 a6 30. d5 Nd4 31. dxe6 Bxe4 32. Qxd4 Qa8 33. Qxb6
Bh1 34. Qf2 Qe4 35. Qf8# 1-0

[Event "20th Hampstead Congress: U2200"]
[Site "London, England"]
[Date "2014.07.19"]
[Round "1"]
[White "Larios, Rafael"]
[Black "Davison, Christopher"]
[Result "0-1"]
[WhiteElo "1585"]
[BlackElo "1919"]

1. e4 d6 2. d4 Nf6 3. Nc3 g6 4. Bg5 Bg7 5. Qd2 O-O 6. Bc4 a6 7. a3 b5 8. Ba2
Bb7 9. d5 Nbd7 10. Nge2 a5 11. f3 b4 12. axb4 axb4 13. Nd1 Ra4 14. Bh6 Nc5 15.
Bxg7 Kxg7 16. b3 Ra7 17. O-O Qa8 18. Nc1 Ba6 19. Re1 Qb7 20. Nd3 Bxd3 21. cxd3
Nxb3 22. Qb2 Nxa1 23. Qxa1 b3 {#R} 0-1

[Event "20th Hampstead Congress: U2200"]
[Site "London, England"]
[Date "2014.07.19"]
[Round "1"]
[White "Barasi, Paul"]
[Black "Baroukh, Leon"]
[Result "1-0"]
[WhiteElo "1867"]
[BlackElo "1582"]

1. d4 d5 2. Bg5 c5 3. Nc3 cxd4 4. Qxd4 f6 5. Bh4 e6 6. e4 Nc6 7. Bb5 Bd7 8.
Qd2 d4 9. Nce2 e5 10. f4 Qb6 11. Qd3 a6 12. Bxc6 Bxc6 13. O-O-O Rc8 14. Nf3
Bb5 15. Qb3 Qc6 16. Nexd4 exd4 17. Nxd4 Bc4 18. Qf3 Qc7 19. e5 Bc5 20. Rhe1 f5
21. Nxf5 Kf8 22. Nd6 Rb8 23. Nxc4 Bb4 24. Re4 Nh6 25. f5 Rc8 26. f6 g6 27. Qb3
Bc5 28. e6 Nf5 29. e7+ Ke8 30. Ne5 Be3+ 31. Kb1 Qxc2+ 32. Qxc2 Rxc2 33. f7#
1-0

[Event "20th Hampstead Congress: U2200"]
[Site "London, England"]
[Date "2014.07.19"]
[Round "1"]
[White "Parry, Jacques"]
[Black "Millward, David J"]
[Result "0-1"]
[WhiteElo "1773"]
[BlackElo "1859"]

1. d4 Nf6 2. c4 e6 3. Nf3 d5 4. Bg5 Be7 5. e3 O-O 6. Nc3 Nbd7 7. Bd3 c6 8. O-O
h6 9. Bh4 dxc4 10. Bxc4 Nd5 11. Bxe7 Qxe7 12. Nxd5 exd5 13. Bd3 Nf6 14. Qc2
Ne4 15. Ne5 Re8 16. Rab1 Qg5 17. Kh1 Bf5 18. b4 f6 19. Nf3 Qg6 20. Nh4 Ng3+
{#R} 0-1

[Event "20th Hampstead Congress: U2200"]
[Site "London, England"]
[Date "2014.07.19"]
[Round "1"]
[White "Gupta, Arul"]
[Black "Bynnersley, Anthony"]
[Result "1-0"]
[WhiteElo "1844"]
[BlackElo "1551"]

1. e4 c5 2. Nf3 d6 3. Bb5+ Bd7 4. Bxd7+ Qxd7 5. O-O Nf6 6. Re1 Nc6 7. c3 e5 8.
d4 cxd4 9. cxd4 O-O-O 10. Nc3 Kb8 11. Be3 exd4 12. Nxd4 Nxd4 13. Bxd4 Be7 14.
Qb3 d5 15. exd5 Bd6 16. Nb5 a6 17. Nxd6 Qxd6 18. Be5 {#r} 1-0

[Event "20th Hampstead Congress: U2200"]
[Site "London, England"]
[Date "2014.07.19"]
[Round "1"]
[White "Olutola, Taiwo"]
[Black "Richards, John"]
[Result "1/2-1/2"]
[WhiteElo "1538"]
[BlackElo "1809"]

1. Nf3 Nf6 2. d4 e6 3. c4 b6 4. e3 Bb7 5. Be2 c5 6. O-O cxd4 7. exd4 Be7 8.
Ne5 d6 9. Qa4+ Nfd7 10. Nxd7 Nxd7 11. Bf4 O-O 12. Nc3 a6 13. Rfd1 Qc7 14. Rac1
Rfd8 15. Qc2 Rac8 16. Rd3 Nf6 17. Rh3 g6 18. b3 e5 19. dxe5 dxe5 20. Bg5 Rd4
21. Be3 Rd7 22. Na4 Bc5 23. Nxc5 bxc5 24. Bg5 Ne4 25. Be3 f5 26. Rd1 Rcd8 27.
Rxd7 Rxd7 28. Bc1 Qa5 29. Kf1 Nd2+ 30. Kg1 Ne4 31. Kf1 Qd8 32. a3 f4 33. b4
Ng5 34. Rb3 Be4 35. Qc3 Rd4 36. f3 Bf5 37. bxc5 h5 38. c6 Qc7 39. Rb7 Qxc6 40.
Rb8+ Kh7 41. Qb4 Qf6 42. Qb7+ Rd7 43. Qb4 Kh6 44. Rb6 Ne6 45. c5 Qh4 46. Kg1
Rd4 47. Qa5 Nxc5 48. Qxc5 Qe1+ 49. Bf1 Bd3 50. Qf8+ Kg5 51. Qe7+ Kh6 52. Qf8+
Kg5 53. Qe7+ Kh6 {#d} 1/2-1/2

[Event "20th Hampstead Congress: U2200"]
[Site "London, England"]
[Date "2014.07.19"]
[Round "1"]
[White "Miu, Marinel"]
[Black "Sanitt, Leo"]
[Result "1-0"]
[WhiteElo "1714"]
[BlackElo "1531"]

1. c4 c6 2. Qb3 d5 3. e3 e6 4. Nf3 Nd7 5. d4 Ngf6 6. Nc3 Bd6 7. cxd5 exd5 8.
g3 O-O 9. Bg2 Qb6 10. Nd2 Re8 11. O-O Qxb3 12. Nxb3 Nf8 13. a3 Bf5 14. Na5
Rab8 15. Bd2 Bc7 16. Nb3 N8d7 17. Rac1 h6 18. Nxd5 cxd5 19. Rxc7 Nb6 20. Na5
Bc8 21. Rfc1 Ne4 22. Bxe4 dxe4 23. Nc4 Nxc4 24. R1xc4 Be6 25. Rb4 Bd5 26. Rb5
Bc6 27. Rc5 g6 28. Bc3 Red8 29. Re5 Rbc8 30. Rxc8 Rxc8 31. d5 Re8 32. dxc6
Rxe5 33. Bxe5 bxc6 34. b4 a6 35. h4 f5 36. Bf4 h5 37. Kf1 Kf7 38. Ke2 Ke7 39.
Kd2 Ke6 40. Kc3 Kd5 41. a4 c5 42. b5 axb5 43. axb5 c4 44. b6 Kc6 45. Bc7 {#r}
1-0

[Event "20th Hampstead Congress: U2200"]
[Site "London, England"]
[Date "2014.07.19"]
[Round "1"]
[White "Frith, Shane S"]
[Black "Lees, Fraser"]
[Result "1/2-1/2"]
[WhiteElo "1526"]
[BlackElo "1782"]

1. d4 b6 2. e4 Bb7 3. Nc3 e6 4. Bd3 c5 5. Nf3 Nf6 6. O-O c4 7. Bxc4 Nxe4 8.
Nxe4 Bxe4 9. Re1 Qc7 10. Bb3 Bg6 11. d5 Bb4 12. c3 Be7 13. dxe6 dxe6 14. Ba4+
Kf8 15. Ne5 Na6 16. Bf4 Qd8 17. Bc6 Qxd1 18. Raxd1 Rd8 19. Rxd8+ Bxd8 20. Rd1
Be7 21. Bb5 Nc5 22. Nd7+ Nxd7 23. Rxd7 Be4 24. Rxa7 g5 25. Be3 Bc5 26. Bxc5+
bxc5 27. Rc7 Kg7 28. f3 Bg6 29. Rxc5 Rd8 30. a4 Rd1+ 31. Kf2 Rd2+ 32. Kg1 Rxb2
33. Rxg5 Kf6 34. Rc5 Ra2 35. h4 Bc2 36. g3 Bxa4 {#d} 1/2-1/2

[Event "20th Hampstead Congress: U2200"]
[Site "London, England"]
[Date "2014.07.19"]
[Round "1"]
[White "Levy, Chris"]
[Black "Ramaiya, Arushi"]
[Result "0-1"]
[WhiteElo "1780"]
[BlackElo "1525"]

1. d4 Nf6 2. Nf3 e6 3. Bf4 Nc6 4. c4 Bb4+ 5. Nc3 Ne4 6. Qc2 d5 7. e3 Nxc3 8.
bxc3 Bd6 9. Bg5 Be7 10. Bxe7 Qxe7 11. Bd3 g6 12. O-O Bd7 13. Rab1 O-O 14. Rxb7
Rab8 15. Rfb1 Rxb7 16. Rxb7 Rb8 17. Rxb8+ Nxb8 18. c5 Bc6 19. h3 Nd7 20. e4 e5
21. exd5 Bxd5 22. Be4 c6 23. Bxd5 cxd5 24. c6 e4 25. cxd7 exf3 26. Qa4 Kg7 27.
d8=Q Qxd8 28. Qxa7 Qg5 29. g3 Qc1+ 30. Kh2 Qf1 {#R} 0-1

[Event "20th Hampstead Congress: U2200"]
[Site "London, England"]
[Date "2014.07.19"]
[Round "1"]
[White "Mandnikar, Atreya"]
[Black "Seman, Myroslav"]
[Result "1/2-1/2"]
[WhiteElo "1561"]
[BlackElo "1800"]

1. e4 e5 2. Nf3 Nf6 3. Nc3 d6 4. d4 exd4 5. Nxd4 Be7 6. Be2 O-O 7. O-O Bd7 8.
Be3 Nc6 9. f4 a6 10. Qd2 b5 11. a3 Nxd4 12. Bxd4 c5 13. Bf2 b4 14. axb4 cxb4
15. Nd5 Nxe4 16. Qxb4 Nxf2 17. Rxf2 Rb8 18. Qc3 Bb5 19. Bxb5 axb5 20. Re2 Bf6
21. Nxf6+ Qxf6 22. Qxf6 gxf6 23. Ra6 Rfd8 24. Rd2 Rbc8 25. c3 Rc4 26. g3 Kg7
27. Raxd6 Rxd6 28. Rxd6 b4 29. Rd3 bxc3 30. bxc3 Ra4 31. Rd1 Ra2 32. Rd8 f5
33. Rd7 Kf6 34. Rc7 Ke6 35. c4 Rc2 36. Rc6+ Ke7 37. Rc5 Ke6 38. Re5+ Kf6 39.
Rc5 {#d} 1/2-1/2

[Event "20th Hampstead Congress: U2200"]
[Site "London, England"]
[Date "2014.07.19"]
[Round "1"]
[White "Finnegan, Oliver"]
[Black "Gladstone, Joel"]
[Result "1/2-1/2"]
[WhiteElo "1766"]
[BlackElo "1450"]

1. d4 Nf6 2. c4 e6 3. Nf3 b6 4. a3 Bb7 5. Nc3 d5 6. cxd5 exd5 7. Bg5 h6 8. Bh4
Nbd7 9. e3 a6 10. Bd3 c5 11. Rc1 c4 12. Bb1 Bd6 13. Qe2 O-O 14. O-O Qc7 15.
Qc2 Rfe8 16. Qf5 g6 17. Qh3 Ne4 18. Nxe4 dxe4 19. Nd2 b5 20. Rfd1 Kg7 21. Nf1
Bc8 22. Bg3 Nf6 23. Bxd6 Qxd6 24. Qg3 {#d} 1/2-1/2

[Event "20th Hampstead Congress: U2200"]
[Site "London, England"]
[Date "2014.07.19"]
[Round "1"]
[White "Mospan, Edward"]
[Black "Huang, Dion"]
[Result "0-1"]
[WhiteElo "1335"]
[BlackElo "1759"]

1. d4 Nf6 2. c4 g6 3. Nf3 Bg7 4. e3 O-O 5. Bd3 d6 6. Nc3 Nbd7 7. O-O c5 8. Qc2
a6 9. a4 Qc7 10. Re1 Nb8 11. Ne4 Nc6 12. Bd2 Nxe4 13. Bxe4 cxd4 14. Bxc6 dxe3
15. Bxe3 bxc6 16. Rab1 Bf5 17. Qc1 Bxb1 18. Qxb1 Rab8 19. b3 Qb7 20. Qe4 c5
21. Qg4 Qxb3 22. Qd7 Qb7 23. Qh3 Qc8 24. Qh4 Bf6 25. Bg5 Qf5 26. Bxf6 Qxf6 27.
Qg3 Rb4 28. Nd2 Qd4 29. Nf3 Qxc4 30. h4 Qg4 31. Qh2 Rxa4 32. Rxe7 Ra1+ 33. Ne1
Qb4 34. Kf1 Qb5+ 35. Kg1 Re8 36. Qxd6 Rxe1+ 37. Kh2 R1xe7 {#R} 0-1

[Event "20th Hampstead Congress: U2200"]
[Site "London, England"]
[Date "2014.07.19"]
[Round "1"]
[White "Grey, Nicholas D"]
[Black "Gelain-Sohn, Emmanuelle"]
[Result "1-0"]
[WhiteElo "1748"]
[BlackElo "1330"]

1. e4 c5 2. c3 Nc6 3. d4 cxd4 4. cxd4 d5 5. exd5 Qxd5 6. Nf3 e6 7. Nc3 Bb4 8.
Bd3 Nxd4 9. Nxd4 Qxd4 10. Bb5+ Bd7 11. Qxd4 Bxc3+ 12. bxc3 Nf6 13. Bxd7+ Nxd7
14. Ba3 Rd8 15. Qd6 Nc5 16. Qxc5 Rd7 17. Rd1 Rxd1+ 18. Kxd1 Kd7 19. Kc2 Rd8
20. Rd1+ Ke8 21. Qf8# 1-0

[Event "20th Hampstead Congress: U2200"]
[Site "London, England"]
[Date "2014.07.19"]
[Round "1"]
[White "Gelain-Sohn, Elias"]
[Black "Anilkumar, Anantha P"]
[Result "0-1"]
[WhiteElo "1320"]
[BlackElo "1746"]

1. e4 c5 2. Nc3 Nc6 3. f4 g6 4. Nf3 Bg7 5. Bc4 e6 6. d3 Nge7 7. O-O O-O 8. Qe1
d5 9. Bb3 a6 10. a3 b5 11. Ne2 c4 12. Ba2 cxd3 13. cxd3 a5 14. Rb1 b4 15. a4
b3 16. Bxb3 Qb6+ 17. Kh1 Qxb3 18. Qd2 Ba6 19. Ne1 dxe4 20. dxe4 Rad8 21. Qc2
Qxc2 22. Nxc2 Bxe2 23. Re1 Bd3 24. b3 Bxc2 25. Rb2 Bxb2 26. Bxb2 Bxb3 27. Bc3
Bxa4 28. h3 Rd3 29. Bb2 Rb8 30. Bc1 Rb1 31. Kh2 Nd4 32. Bd2 Rxe1 33. Bxe1 Nb3
34. h4 Re3 35. Bg3 Rxe4 36. Bf2 Rxf4 37. Kg3 e5 38. Kh3 Rxf2 {#R} 0-1

[Event "20th Hampstead Congress: U2200"]
[Site "London, England"]
[Date "2014.07.19"]
[Round "2"]
[White "Landau, Jonathan"]
[Black "Haribalu, V."]
[Result "0-1"]
[WhiteElo "1945"]
[BlackElo "2176"]

1. e4 c5 2. Nc3 a6 3. f4 b5 4. Nf3 Bb7 5. d3 e6 6. g3 d5 7. Qe2 Be7 8. Bg2 b4
9. Nd1 a5 10. O-O dxe4 11. Ne5 Nf6 12. dxe4 Ba6 13. Nd3 Nc6 14. Be3 Nd4 15.
Bxd4 Qxd4+ 16. Kh1 O-O 17. Rb1 Rfd8 18. N1f2 c4 19. Ne5 c3 20. Nfd3 Rac8 21.
b3 Nd7 22. Nf3 Qb6 23. Rbd1 Nc5 24. Nfe1 Rd4 25. e5 Rcd8 26. Rf3 Ne4 27. Re3
Nd2 28. Rxd2 cxd2 29. Qxd2 Rc8 30. Qf2 Rd7 31. Be4 g6 32. Qf3 Bb7 33. h4 Rc3
34. h5 Kg7 35. hxg6 hxg6 36. Re2 Bxe4 37. Qxe4 Qc6 38. Qxc6 Rxc6 39. Re4 Rc3
40. Kg2 g5 41. Kh3 Kg6 42. Kg4 Bd8 43. Kf3 Bb6 44. Re2 Rd8 45. Ng2 Rdc8 46.
Nge1 Rh8 47. Kg2 g4 48. Nf2 Bxf2 49. Rxf2 Re3 50. Nd3 Rh3 51. f5+ Kg5 52. fxe6
Rhxg3+ 53. Kh2 Rh3+ 54. Kg2 fxe6 55. Rf8 Reg3+ 56. Kf2 Rf3+ 57. Rxf3 Rxf3+ 58.
Kg2 Kf5 59. Kg1 Rxd3 60. cxd3 Kxe5 {#R} 0-1

[Event "20th Hampstead Congress: U2200"]
[Site "London, England"]
[Date "2014.07.19"]
[Round "2"]
[White "Madynski, Pawel"]
[Black "Jarek, Katherine"]
[Result "1-0"]
[WhiteElo "2086"]
[BlackElo "1931"]

1. Nc3 d5 2. e4 dxe4 3. Nxe4 Nf6 4. Ng3 e5 5. Bc4 Bd6 6. N1e2 Nc6 7. c3 Qe7 8.
O-O h5 9. Qc2 e4 10. d3 Ne5 11. Bg5 exd3 12. Bxd3 Nxd3 13. Qxd3 Bd7 14. Nf5
Bxf5 15. Qxf5 Qe5 16. Ng3 Kf8 17. Rfe1 Qxf5 18. Nxf5 Re8 19. Nxd6 Rxe1+ 20.
Rxe1 cxd6 21. Re3 Ne8 22. Be7+ Kg8 23. Bg5 Kf8 24. Be7+ Kg8 25. Bd8 Kh7 26.
Bh4 Nf6 27. Bxf6 gxf6 28. Re7 {#r} 1-0